Từ điển tiếng Việt
Spremljeno u:
| Format: | Knjiga |
|---|---|
| Jezik: | Undetermined |
| Izdano: |
Thành phố Hồ Chí Minh
Từ điển Bách khoa
2007
|
| Teme: | |
| Oznake: |
Dodaj oznaku
Bez oznaka, Budi prvi tko označuje ovaj zapis!
|
| Thư viện lưu trữ: | Trung tâm Học liệu Trường Đại học Cần Thơ |
|---|
| LEADER | 00634nam a2200193Ia 4500 | ||
|---|---|---|---|
| 001 | CTU_129416 | ||
| 008 | 210402s9999 xx 000 0 und d | ||
| 020 | |c 48000 | ||
| 082 | |a 495.9223 | ||
| 082 | |b T550 | ||
| 245 | 0 | |a Từ điển tiếng Việt | |
| 245 | 0 | |c Nhóm biên soạn: Phương Ngọc , Quang Khánh và Quang Hùng | |
| 260 | |a Thành phố Hồ Chí Minh | ||
| 260 | |b Từ điển Bách khoa | ||
| 260 | |c 2007 | ||
| 650 | |a Vietnamese language,Tiếng Việt | ||
| 650 | |x Dictionaries,Từ điển | ||
| 904 | |i Giang | ||
| 980 | |a Trung tâm Học liệu Trường Đại học Cần Thơ | ||